000 00410nam a2200145Ia 4500
008 210430s9999 xx 000 0 und d
020 _a0-12-688721-7
082 _a660.6 B6151 B
100 _aJohn A.Thomas, Roy L. Fuchs
_9127097
245 _aBiotechnology and Safety Assessment /
_cJohn A.Thomas
250 _a3rd edition
260 _aLondon
_bAcademic Press
_c2002
300 _a487p
942 _cBK
_2ddc
999 _c565512
_d565512